LEADER 01322cam0-22004691i-450- 001 990003911010403321 005 20140630095002.0 010 $a88-348-1290-5 035 $a000391101 035 $aFED01000391101 035 $a(Aleph)000391101FED01 035 $a000391101 100 $a20030910d2001----km-y0itay50------ba 101 0 $aita 102 $aIT 105 $ay-------001yy 200 1 $aLineamenti di diritto privato$fGuido Alpa, Mario Bessone ... [et al.]$ga cura di Mario Bessone 205 $a2. ed. 210 $aTorino$cGiappichelli$d2001 215 $aXXXII, 760 p.$d24 cm 610 0 $aDiritto privato 676 $a346.45 676 $a346 702 1$aAlpa,$bGuido 702 1$aBessone,$bMario 801 0$aIT$bUNINA$gRICA$2UNIMARC 901 $aBK 912 $a990003911010403321 952 $aGRDDPR27B(SR)$b13635B$fDECBC 952 $aGRDDPR27C$b13635C$fDECBC 952 $aGRDDPR27A$b13635A$fDECBC 952 $aGRDDPR27D(SR)$b13635D$fDECBC 952 $aGRDDPR27G$b13635G$fDECBC 952 $aGRDDPR27E(DEP)$b13635E$fDECBC 952 $aGRDDPR27F(DEP)$b13635F$fDECBC 952 $aIV A 314$b39212$fFSPBC 952 $aA-183$b1698$fDDRC 959 $aDECBC 959 $aFSPBC 959 $aDDRC 996 $aLineamenti di diritto privato$958407 997 $aUNINA LEADER 00920nam a22002531i 4500 001 991003484129707536 005 20030925093835.0 008 031111s1968 uika||||||||||||||||eng 020 $a0582537363 035 $ab12433081-39ule_inst 035 $aARCHE-046637$9ExL 040 $aDip.to Lingue$bita$cA.t.i. Arché s.c.r.l. Pandora Sicilia s.r.l. 100 1 $aByrne, Donn$0438806 245 10$aDown the river /$cDonn Byrne ; illustrations by Jim Russel 260 $aHarlow :$bLongman,$c1968 300 $a132 p. :$bill. ;$c20 cm 440 0$aLongman structural readers.$pFiction,$pStage 3 700 1 $aRussell, Jim 907 $a.b12433081$b02-04-14$c13-11-03 912 $a991003484129707536 945 $aLE012 D 68$g1$i2012000070240$lle012$o-$pE0.00$q-$rl$s- $t0$u1$v0$w1$x0$y.i12858407$z13-11-03 996 $aDown the river$9166914 997 $aUNISALENTO 998 $ale012$b13-11-03$cm$da $e-$feng$guik$h0$i1